000 00922nam a2200265 a 4500
001 2113952
003 OSt
005 20160803181844.0
008 960501s1995 enka b 001 0 eng
010 _a 96143499
020 _a0727908545
040 _aDLC
_cDLC
082 _aWB 141
_bL828 1995
245 0 0 _aLogic in medicine /
_cedited by Calbert I. Phillips.
250 _a2nd ed., [rev. and expanded].
260 _aLondon :
_bBMJ Pub. Group,
_c1995.
300 _ax, 219 p. :
_bill. ;
_c22 cm.
504 _aIncludes bibliographical references and index.
650 0 _aMedical logic.
_92025
700 1 _aPhillips, Calbert I.
_94803
730 0 _aBritish medical journal.
_910563
906 _a7
_bcbc
_corignew
_d3
_encip
_f19
_gy-gencatlg
942 _2z
_cO_SHELF
999 _c4918
_d4918